000
00195 a2200097 4500
001
18010
100
_a
Levenson,
245
_a
Modern China
260
_a
_b
Macmillan Co
_c
090
_c
13314
_d
13314
942
_a
NUST-CAE
_c
M
_c
3686
999
_c
253083
_d
253083